Statistiques concernant Pokemon Français 2

Cliquez ici pour prendre le quiz!

Statistiques générales

  • Ce quiz a été pris 5 fois
  • Le résultat moyen est 252 sur 314

Statistiques - réponses

PokedexPokemon% Correct
#567Aéroptéryx
100%
#631Aflamanoir
100%
#658Amphinobi
100%
#602Anchwatt
100%
#566Arkéapti
100%
#550Bargantua
100%
#534Bétochef
100%
#641Boréas
100%
#722Brindibou
100%
#701Brutalibré
100%
#545Brutapode
100%
#564Carapagos
100%
#509Chacripan
100%
#532Charpenti
100%
#760Chelours
100%
#572Chinchidou
100%
#548Chlorobule
100%
#527Chovsourir
100%
#503Clamiral
100%
#600Clic
100%
#601Cliticlic
100%
#638Cobaltium
100%
#520Colombeau
100%
#789Cosmog
100%
#580Couaneton
100%
#610Coupenotte
100%
#541Couverdure
100%
#553Crocorible
100%
#561Cryptéro
100%
#555Darumacho
100%
#554Darumarond
100%
#702Dédenne
100%
#521Déflaisan
100%
#645Démétéros
100%
#634Diamat
100%
#621Drakkarmin
100%
#587Emolga
100%
#552Escroco
100%
#660Excavarenne
100%
#632Fermite
100%
#511Feuillajou
100%
#512Feuiloutan
100%
#653Feunnec
100%
#513Flamajou
100%
#663Flambusard
100%
#514Flamoutan
100%
#515Flotajou
100%
#516Flotoutan
100%
#626Frison
100%
#642Fulguris
100%
#607Funécire
100%
#627Furaiglon
100%
#649Genesect
100%
#525Géolithe
100%
#526Gigalithe
100%
#656Grenousse
100%
#597Grindur
100%
#622Gringolem
100%
#499Grotichon
100%
#498Gruikui
100%
#628Gueriaigle
100%
#615Hexagel
100%
#611Incisache
100%
#538Judokrak
100%
#539Karaclée
100%
#647Keldeo
100%
#619Kungfouine
100%
#646Kyurem
100%
#581Lakmécygne
100%
#603Lampéroie
100%
#540Larveyette
100%
#736Larvibule
100%
#510Léopardus
100%
#618Limonde
100%
#745Lougaroc
100%
#609Lugulabre
100%
#497Majaspic
100%
#594Mamanbo
100%
#734Manglouton
100%
#542Manternel
100%
#551Mascaïman
100%
#508Mastouffe
100%
#565Mégapagos
100%
#578Méios
100%
#608Mélancolux
100%
#648Meloetta
100%
#575Mesmérella
100%
#530Minotaupe
100%
#505Miradar
100%
#501Moustillon
100%
#517Munna
100%
#518Mushana
100%
#596Mygavolt
100%
#531Nanméouïe
100%
#598Noacier
100%
#524Nodulithe
100%
#759Nounourson
100%
#577Nucléos
100%
#604Ohmassacre
100%
#533Ouvrifier
100%
#661Passerouge
100%
#519Poichigeon
100%
#614Polagriffe
100%
#613Polarhume
100%
#507Ponchien
100%
#506Ponchiot
100%
#696Ptyranidur
100%
#637Pyrax
100%
#636Pyronille
100%
#504Ratentif
100%
#643Reshiram
100%
#528Rhinolove
100%
#744Rocabot
100%
#500Roitiflam
100%
#529Rototaupe
100%
#654Roussil
100%
#659Sapereau
100%
#624Scalpion
100%
#625Scalproie
100%
#544Scobolide
100%
#574Scrutella
100%
#620Shaofouine
100%
#633Solochi
100%
#582Sorbébé
100%
#584Sorbouboul
100%
#583Sorboul
100%
#595Statitik
100%
#639Terrakium
100%
#599Tic
100%
#612Tranchodon
100%
#635Trioxhydre
100%
#535Tritonde
100%
#590Trompignon
100%
#562Tutafeh
100%
#563Tutankafer
100%
#543Venipatte
100%
#494Victini
100%
#495Vipélierre
100%
#640Viridium
100%
#592Viskuse
100%
#585Vivaldaim
100%
#716Xerneas
100%
#717Yveltal
100%
#522Zébibron
100%
#644Zekrom
100%
#571Zoroark
100%
#570Zorua
100%
#718Zygarde
100%
#805Ama-Ama
67%
#698Amagara
67%
#751Araqua
67%
#724Archéduc
67%
#735Argouste
67%
#769Bacabouh
67%
#560Baggaïd
67%
#559Baggiguane
67%
#797Bamboiselle
67%
#711Banshitrouye
67%
#536Batracné
67%
#733Bazoucan
67%
#782Bébécaille
67%
#652Blindépique
67%
#651Boguérisse
67%
#742Bombydou
67%
#776Boumata
67%
#750Bourrinos
67%
#662Braisillon
67%
#708Brocélôme
67%
#715Bruyverne
67%
#796Câblifère
67%
#672Cabriolaine
67%
#795Cancrelove
67%
#588Carabing
67%
#673Chevroum
67%
#737Chrysapile
67%
#683Cocotine
67%
#705Colimucus
67%
#790Cosmovum
67%
#676Couafarel
67%
#739Crabagarre
67%
#558Crabaraque
67%
#557Crabicoque
67%
#740Crabominable
67%
#537Crapustule
67%
#657Croâporal
67%
#685Cupcanaille
67%
#709Desséliande
67%
#719Diancie
67%
#680Dimoclès
67%
#775Dodoala
67%
#546Doudouvet
67%
#699Dragmara
67%
#780Draïeul
67%
#783Écaïd
67%
#723Efflèche
67%
#784Ékaïser
67%
#799Engloutyran
67%
#616Escargaume
67%
#681Exagide
67%
#547Farfaduvet
67%
#727Félinferno
67%
#725Flamiaou
67%
#692Flingouste
67%
#754Floramantis
67%
#682Fluvetin
67%
#549Fragilady
67%
#746Froussardine
67%
#694Galvaran
67%
#693Gamblast
67%
#591Gaulet
67%
#623Golemastoc
67%
#689Golgopathe
67%
#655Goupelin
67%
#712Grelaçon
67%
#764Guérilande
67%
#586Haydaim
67%
#667Hélionceau
67%
#720Hoopa
67%
#695Iguolta
67%
#798Katagami
67%
#691Kravarech
67%
#756Lampignon
67%
#589Lançargot
67%
#664Lépidonille
67%
#605Lewsor
67%
#496Lianaja
67%
#617Limaspeed
67%
#738Lucanon
67%
#792Lunala
67%
#801Magearna
67%
#758Malamandre
67%
#804Mandrillon
67%
#556Maracachi
67%
#650Marisson
67%
#802Marshadow
67%
#502Mateloutre
67%
#726Matoufeu
67%
#774Météno
67%
#568Miamiasme
67%
#569Miasmax
67%
#753Mimantis
67%
#778Mimiqui
67%
#678Mistigrix
67%
#679Monorpale
67%
#794Mouscoto
67%
#593Moyade
67%
#704Mucuscule
67%
#706Muplodocus
67%
#800Necrozma
67%
#606Neitram
67%
#668Némélios
67%
#700Nymphali
67%
#688Opermine
67%
#730Oratoria
67%
#728Otaquin
67%
#729Otarlette
67%
#675Pandarbare
67%
#674Pandespiègle
67%
#573Pashmilla
67%
#665Pérégrain
67%
#731Picassaut
67%
#732Piclairon
67%
#806Pierroteknik
67%
#710Pitrouille
67%
#741Plumeline
67%
#748Prédastérie
67%
#666Prismillon
67%
#677Psystigri
67%
#697Rexillius
67%
#743Rubombelle
67%
#713Séracrawl
67%
#576Sidérella
67%
#781Sinistrail
67%
#791Solgaleo
67%
#714Sonistrelle
67%
#755Spododo
67%
#703Strassie
67%
#684Sucroquin
67%
#579Symbios
67%
#752Tarenbulle
67%
#749Tiboudet
67%
#777Togedemaru
67%
#788Tokopisco
67%
#786Tokopiyon
67%
#785Tokorico
67%
#787Tokotoro
67%
#770Trépassable
67%
#757Tritox
67%
#707Trousselin
67%
#630Vaututrice
67%
#803Vémini
67%
#690Venalgue
67%
#721Volcanion
67%
#747Vorastérie
67%
#629Vostourno
67%
#523Zéblitz
67%
#807Zeraora
67%
#793Zéroïd
67%
#762Candine
33%
#771Concombaffe
33%
#761Croquine
33%
#669Flabébé
33%
#670Floette
33%
#671Florges
33%
#765Gouroutan
33%
#766Quartermac
33%
#768Sarmuraï
33%
#773Silvallié
33%
#767Sovkipou
33%
#763Sucreine
33%
#772Type:0
33%
#779Denticrisse
0%
#686Sepiatop
0%
#687Sepiatroce
0%

Distribution des résultats

Percentile par nombre de réponses

% des personnes avec chaque résultat

Votre développement - résultats

Vous n’avez pas pris ce quiz